A Short History of South-East Asia (Record no. 11160)

MARC details
000 -LEADER
fixed length control field 00624nam a2200241 a 4500
001 - CONTROL NUMBER
control field 0001-1160
003 - CONTROL NUMBER IDENTIFIER
control field ELIB.Books
008 - FIXED-LENGTH DATA ELEMENTS--GENERAL INFORMATION
fixed length control field 150506 2010 eng
020 ## - INTERNATIONAL STANDARD BOOK NUMBER
International Standard Book Number 13: 9780470824818
035 ## - SYSTEM CONTROL NUMBER
System control number (ELIB.Books)0001-1315
092 ## - LOCALLY ASSIGNED DEWEY CALL NUMBER (OCLC)
Classification number 959
Item number Chu
100 ## - MAIN ENTRY--PERSONAL NAME
Personal name Church, Peter.
245 ## - TITLE STATEMENT
Title A Short History of South-East Asia
260 ## - PUBLICATION, DISTRIBUTION, ETC. (IMPRINT)
Place of publication, distribution, etc. Singapore
Name of publisher, distributor, etc. John Wiley & Sons, Inc.
Date of publication, distribution, etc. 2009
300 ## - PHYSICAL DESCRIPTION
Extent 225
Dimensions 21.5 Cm
500 ## - GENERAL NOTE
General note C/o Moe Lwei
650 ## - SUBJECT ADDED ENTRY--TOPICAL TERM
Topical term or geographic name as entry element South East Asia
856 ## - ELECTRONIC LOCATION AND ACCESS
Name of location of host KBTS: Library
Uniform Resource Identifier <a href="KBTS: Elib">KBTS: Elib</a>
942 ## - ADDED ENTRY ELEMENTS (KOHA)
Source of classification or shelving scheme Dewey Decimal Classification
Koha item type Books
990 ## - EQUIVALENCES OR CROSS-REFERENCES [LOCAL, CANADA]
Link information for 9XX fields 1
998 ## - LOCAL CONTROL INFORMATION (RLIN)
Cataloger's initials, CIN (RLIN) bat
-- 2015-05-06
Holdings
Withdrawn status Lost status Source of classification or shelving scheme Damaged status Not for loan Home library Current library Date acquired Total Checkouts Barcode Date last seen Bill Date Koha item type
    Dewey Decimal Classification     Karen Baptist Theological Seminary Library Karen Baptist Theological Seminary Library 06/05/2015   15433 22/01/2022 22/01/2022 Books
Implemented & Customized by: BestBookBuddies

Powered by Koha